Comptez Aussi Haut Que Vous Pouvez - 1 Minute Sprint - Statistiques

Statistiques générales
  • Ce quiz a été pris 93 fois
  • Le résultat moyen est 80 sur 200
Statistiques - réponses
# % Correct
1
100%
2
98%
3
95%
4
93%
5
93%
6
93%
7
93%
8
93%
9
93%
10
91%
11
91%
12
91%
13
91%
14
91%
15
89%
16
89%
17
89%
18
89%
19
89%
20
89%
21
89%
22
86%
23
86%
24
86%
25
86%
26
86%
27
86%
28
86%
29
86%
30
86%
31
86%
32
86%
33
86%
34
86%
35
86%
36
86%
37
86%
38
86%
39
86%
40
86%
41
86%
42
86%
43
86%
44
86%
45
84%
46
84%
47
82%
48
82%
49
82%
50
82%
51
82%
52
82%
53
82%
54
80%
55
80%
56
80%
57
80%
58
80%
59
80%
60
77%
61
77%
62
77%
63
77%
64
77%
65
77%
66
77%
67
77%
68
77%
69
77%
70
75%
71
73%
72
73%
73
73%
74
73%
75
73%
76
73%
77
73%
78
73%
79
70%
80
68%
81
68%
82
68%
83
66%
84
64%
85
64%
86
61%
87
61%
88
61%
89
61%
90
59%
91
52%
92
48%
93
48%
94
43%
95
41%
96
39%
97
36%
98
36%
99
34%
100
27%
101
25%
102
20%
103
20%
104
18%
105
18%
106
16%
107
11%
108
11%
109
11%
110
7%
111
7%
112
7%
113
7%
114
7%
115
7%
116
7%
117
5%
118
5%
119
2%
120
2%
121
2%
122
2%
123
2%
124
2%
125
2%
126
2%
127
2%
128
2%
129
2%
130
2%
131
2%
132
2%
133
2%
134
2%
135
2%
136
2%
137
2%
138
0%
139
0%
140
0%
141
0%
142
0%
143
0%
144
0%
145
0%
146
0%
147
0%
148
0%
149
0%
150
0%
151
0%
152
0%
153
0%
154
0%
155
0%
156
0%
157
0%
158
0%
159
0%
160
0%
161
0%
162
0%
163
0%
164
0%
165
0%
166
0%
167
0%
168
0%
169
0%
170
0%
171
0%
172
0%
173
0%
174
0%
175
0%
176
0%
177
0%
178
0%
179
0%
180
0%
181
0%
182
0%
183
0%
184
0%
185
0%
186
0%
187
0%
188
0%
189
0%
190
0%
191
0%
192
0%
193
0%
194
0%
195
0%
196
0%
197
0%
198
0%
199
0%
200
0%
Aucun quiz correspondant
Distribution des résultats
% des personnes avec chaque résultat
Percentile par nombre de réponses
Votre historique - résultats
Vous n’avez pas pris ce quiz